The tongue, a creative force / (Record no. 9416)

MARC details
000 -LEADER
fixed length control field 00799cam a2200277 a 4500
001 - CONTROL NUMBER
control field 15570197
003 - CONTROL NUMBER IDENTIFIER
control field OSt
005 - DATE AND TIME OF LATEST TRANSACTION
control field 20210113162129.0
008 - FIXED-LENGTH DATA ELEMENTS--GENERAL INFORMATION
fixed length control field 081229r19951976oku 000 0 eng d
010 ## - LIBRARY OF CONGRESS CONTROL NUMBER
LC control number 2008489031
020 ## - INTERNATIONAL STANDARD BOOK NUMBER
International Standard Book Number 0892740612
020 ## - INTERNATIONAL STANDARD BOOK NUMBER
International Standard Book Number 9780892740611
035 ## - SYSTEM CONTROL NUMBER
System control number (OCoLC)ocm04368995
040 ## - CATALOGING SOURCE
Original cataloging agency OKO
Transcribing agency OKO
Modifying agency BAKER
-- BTCTA
-- DLC
042 ## - AUTHENTICATION CODE
Authentication code lccopycat
050 00 - LIBRARY OF CONGRESS CALL NUMBER
Classification number BT771.2
Item number .C33 1995
100 1# - MAIN ENTRY--PERSONAL NAME
Personal name Capps, Charles.
245 14 - TITLE STATEMENT
Title The tongue, a creative force /
Statement of responsibility, etc. by Charles Capps.
260 ## - PUBLICATION, DISTRIBUTION, ETC.
Place of publication, distribution, etc. Tulsa, Okla. :
Name of publisher, distributor, etc. Harrison House,
Date of publication, distribution, etc. c1995.
300 ## - PHYSICAL DESCRIPTION
Extent 193 p. ;
Dimensions 18 cm.
650 #0 - SUBJECT ADDED ENTRY--TOPICAL TERM
Topical term or geographic name entry element Faith.
650 #0 - SUBJECT ADDED ENTRY--TOPICAL TERM
Topical term or geographic name entry element Confession.
906 ## - LOCAL DATA ELEMENT F, LDF (RLIN)
a 7
b cbc
c copycat
d 4
e ncip
f 20
g y-gencatlg
942 ## - ADDED ENTRY ELEMENTS (KOHA)
Source of classification or shelving scheme Dewey Decimal Classification
Koha item type Books

No items available.


OPAC Designed and Maintained by HMC Library Team.
Copyright © HMC Library,Greater Noida, UP.
For any Suggestions/Query Contact library via Email:libhmc@gmail.com